000 00832nam a22001577a 4500
003 OSt
005 20151211152144.0
008 151211b xxu||||| |||| 00| 0 eng d
040 _cRUA
082 _aATM HEM 2004 B210 Or.1
100 _94721
_aHEM SOPHAL; ហែម​សុផល.
245 _aEffect of agro-ecosystem condition on rice yield inroduced from china in tunle bati agricultural development center, ឥទ្ធិពលលក្ខខណ្ឌក្សេត្រ បរិស្ថានលើទិន្នផលពូជស្រូវនំាចូលពីប្រទេសចិន នៅមណ្ឌលអភិវឌ្ឍន៍កសិកម្មទន្លេបាទី ខេត្តតាកែវ.
260 _aPhnom Penh
_bRUA
_c2004
300 _avii; 41p.
_bill.
_c29cm.
942 _2ddc
_cATMSP
999 _c4400
_d4400